El Partido Acción Nacional : la larga marcha, 1939-1994 : oposición leal y partido de protesta /

Tal como lo expresa el título, sostiene Loaeza en esta historia del PAN, que dicho partido transitó en los más de 50 años reseñados, de representar la oposición leal en México, a convertirse en un partido de protesta. Considera que en sus primeros tiempos el panismo era una manera de ser, en tanto q...

Descrizione completa

Salvato in:
Dettagli Bibliografici
Autore principale: Loaeza, Soledad (autor)
Natura: Libro
Lingua:spagnolo
Pubblicazione: México : Fondo de Cultura Económica, 1999, c1999
Serie:(Sección de Obras de Política y Derecho)
Soggetti:
Tags: Aggiungi Tag
Nessun Tag, puoi essere il primo ad aggiungerne!!

MARC

LEADER 00000nam^a2200000^a^4500
001 000107240
005 20250521000000.0
009 20260526122335.839
020 |a 968-16-6128-1 
037 |a Acervo ITESO - Biblioteca 
041 |a ESP 
082 |a 324. 272  |b LOA 
100 |a Loaeza, Soledad  |e (autor) 
245 1 3 |a El Partido Acción Nacional :  |b la larga marcha, 1939-1994 : oposición leal y partido de protesta /  |c S. Loaeza. 
264 4 |a México :  |b Fondo de Cultura Económica,  |c 1999, c1999 
300 |a 607 p. 
336 |a texto  |b txt  |2 rdacontenido 
337 |a sin mediación  |b n  |2 rdamedio 
338 |a volumen  |b nc  |2 rdasoporte 
440 1 |a (Sección de Obras de Política y Derecho) 
520 |a Tal como lo expresa el título, sostiene Loaeza en esta historia del PAN, que dicho partido transitó en los más de 50 años reseñados, de representar la oposición leal en México, a convertirse en un partido de protesta. Considera que en sus primeros tiempos el panismo era una manera de ser, en tanto que a partir de 1982 se transformó en una forma de protestar. La obra comienza por analizar la trayectoria del partido en el marco de la evolución del Estado mexicano y de la sociedad. Analiza luego los orígenes intelectuales del PAN y sus primeros 20 años, para ocuparse luego de la gran influencia católica que se manifestó en el partido hasta los años 70. Viene luego la modernización del PAN y el papel central desempeñado por él en la insurrección electoral de los 80 y en el escenario político a partir de 1988. 
649 |a XX 
650 |a Partido Acción Nacional -  |z México -  |x Historia -  |x Tema Principal 
650 |a Partidos Políticos -  |z México -  |x Historia 
650 |a Instituciones Políticas -  |z México -  |x Historia 
650 |a Participación Política -  |z México -  |x Historia 
650 |a Oposición Política -  |z México -  |x Historia 
650 |a Sistema Político -  |z México -  |x Historia -  |y 1928-2000 
650 |a Sistema Político -  |z México -  |x Historia -  |y Siglo XX 
650 |a Política -  |z México -  |x Historia -  |y 1928-2000 
650 |a Política -  |z México -  |x Historia -  |y Siglo XX 
910 |a Fondo General 
920 |a Impresos - Libros 
930 |a Colección General 
905 |a 101 
901 |a 0500039757  |b IT1  |c ACC  |u 20250521 
902 |a https://opac.biblio.iteso.mx/vufind/Record/000107240